000 00398nam a22001697a 4500
003 MPLRDC
005 20220104144002.0
008 210129b ||||| |||| 00| 0 eng d
082 _a415.63022 FQ
100 _a方群 编著
245 _a白血病医疗宝监
_c
250 _a初版
260 _a
_b不详
_c1995
300 _b
650 _a白血病(血癌)
942 _cBK
_o415.63022 FQ
999 _c45257
_d45247